<?xml version="1.0" encoding="UTF-8"?>
<record
    xmlns:xsi="http://www.w3.org/2001/XMLSchema-instance"
    xsi:schemaLocation="http://www.loc.gov/MARC21/slim http://www.loc.gov/standards/marcxml/schema/MARC21slim.xsd"
    xmlns="http://www.loc.gov/MARC21/slim">

  <leader>01344cam a22002411  4500</leader>
  <controlfield tag="001">ca 17003896 </controlfield>
  <controlfield tag="003">DLC</controlfield>
  <controlfield tag="005">20260227111106.0</controlfield>
  <controlfield tag="008">900330s1900    hu cfh        000 0 hun  </controlfield>
  <datafield tag="010" ind1=" " ind2=" ">
    <subfield code="a">ca 17003896 </subfield>
  </datafield>
  <datafield tag="035" ind1=" " ind2=" ">
    <subfield code="a">(OCoLC)21289009</subfield>
  </datafield>
  <datafield tag="040" ind1=" " ind2=" ">
    <subfield code="a">DLC</subfield>
    <subfield code="c">WaU</subfield>
    <subfield code="d">DLC</subfield>
  </datafield>
  <datafield tag="042" ind1=" " ind2=" ">
    <subfield code="a">premarc</subfield>
  </datafield>
  <datafield tag="050" ind1="0" ind2="0">
    <subfield code="a">PH3205</subfield>
    <subfield code="b">.A1 1900</subfield>
  </datafield>
  <datafield tag="100" ind1="1" ind2=" ">
    <subfield code="a">Arany, J&#xE1;nos,</subfield>
    <subfield code="d">1817-1882.</subfield>
  </datafield>
  <datafield tag="245" ind1="0" ind2="0">
    <subfield code="a">&#xD6;sszes munk&#xE1;i.</subfield>
  </datafield>
  <datafield tag="260" ind1=" " ind2=" ">
    <subfield code="a">Budapest,</subfield>
    <subfield code="b">Franklin t&#xE1;rsulat,</subfield>
    <subfield code="c">1900.</subfield>
  </datafield>
  <datafield tag="300" ind1=" " ind2=" ">
    <subfield code="a">13 v.</subfield>
    <subfield code="b">3 front. (ports., v. 9, 10, 12) plates, facsims.</subfield>
    <subfield code="c">21 cm.</subfield>
  </datafield>
  <datafield tag="505" ind1="0" ind2=" ">
    <subfield code="a">1. k&#xF6;t. Kisebb k&#xF6;ltem&#xE9;nyek.--2. k&#xF6;t. Toldi tril&#xF3;gia.--3. k&#xF6;t. Elbesz&#xE9;l&#x151; k&#xF6;ltem&#xE9;nyek.--4. k&#xF6;t. Elbesz&#xE9;l&#x151; k&#xF6;ltem&#xE9;nyek. Elegyes darabok.--5. k&#xF6;t. Pr&#xF3;zai dolgozatai.--6. k&#xF6;t. Shakspere-fordit&#xE1;sok: A szent-Iv&#xE1;n &#xE9;ji &#xE1;lom. Hamlet, dan kir&#xE1;lyfi. J&#xE1;nos kir&#xE1;ly.--7.-8. k&#xF6;t. Aristophanes v&#xED;gj&#xE1;t&#xE9;kai: I. A lovagok. A felh&#x151;k. A dar&#xE1;zsok. A b&#xE9;ke. Az Acharnaebeliek. A madarak. II. A b&#xE9;k&#xE1;k. Lysistrate. A n&#x151;k &#xFC;nnepe. A n&#x151;uralom. Plutos.--9. k&#xF6;t H&#xE1;trahagyott versei.--10. k&#xF6;t H&#xE1;trahagyott pr&#xF3;zai dolgozatai.--11.-12. k&#xF6;t. Levelez&#xE9;se ir&#xF3; bar&#xE1;taival.--13. k&#xF6;t. Katona J&#xF3;zsef B&#xE1;nk b&#xE1;n-ja, Arany J&#xE1;nos jegyzeteivel &#xE9;s tanulm&#xE1;nyaival.</subfield>
  </datafield>
  <datafield tag="700" ind1="1" ind2=" ">
    <subfield code="a">Shakespeare, William,</subfield>
    <subfield code="d">1564-1616.</subfield>
  </datafield>
  <datafield tag="700" ind1="0" ind2=" ">
    <subfield code="a">Aristophanes.</subfield>
  </datafield>
  <datafield tag="700" ind1="1" ind2=" ">
    <subfield code="a">Katona, J&#xF3;zsef,</subfield>
    <subfield code="d">1792-1830.</subfield>
  </datafield>
  <datafield tag="999" ind1=" " ind2=" ">
    <subfield code="c">15331</subfield>
    <subfield code="d">15331</subfield>
  </datafield>
</record>
